Victory over demonism today / (Record no. 4506)
[ view plain ]
| 000 -LEADER | |
|---|---|
| fixed length control field | 00622nam a2200205Ia 4500 |
| 001 - CONTROL NUMBER | |
| control field | 3158180 |
| 003 - CONTROL NUMBER IDENTIFIER | |
| control field | OSt |
| 005 - DATE AND TIME OF LATEST TRANSACTION | |
| control field | 20181206170359.0 |
| 008 - FIXED-LENGTH DATA ELEMENTS--GENERAL INFORMATION | |
| fixed length control field | 770803q19701979iluao 000 0 eng d |
| 040 ## - CATALOGING SOURCE | |
| Original cataloging agency | TLT |
| Transcribing agency | TLT |
| Modifying agency | BSC |
| 082 ## - DEWEY DECIMAL CLASSIFICATION NUMBER | |
| Classification number | 235.4 |
| Item number | M481V |
| 092 ## - LOCALLY ASSIGNED DEWEY CALL NUMBER (OCLC) | |
| Classification number | 235.4 |
| Item number | M481v |
| 100 1# - MAIN ENTRY--PERSONAL NAME | |
| Personal name | Meade, Russell J. |
| 245 10 - TITLE STATEMENT | |
| Title | Victory over demonism today / |
| Statement of responsibility, etc. | Russell J. Meade. |
| 260 ## - PUBLICATION, DISTRIBUTION, ETC. | |
| Place of publication, distribution, etc. | Wheaton, Illinois : |
| Name of publisher, distributor, etc. | Christian Life Publications, |
| Date of publication, distribution, etc. | [197-?] |
| 300 ## - PHYSICAL DESCRIPTION | |
| Extent | 64 p. : |
| Other physical details | ill. ; |
| Dimensions | 23 cm. |
| 500 ## - GENERAL NOTE | |
| General note | Adapted from the series of articles appearing in Christian Life magazine, c1962. |
| 650 #0 - SUBJECT ADDED ENTRY--TOPICAL TERM | |
| Topical term or geographic name entry element | Demonology. |
| 942 ## - ADDED ENTRY ELEMENTS (KOHA) | |
| Source of classification or shelving scheme | Dewey Decimal Classification |
| Koha item type | Books |
| Withdrawn status | Lost status | Source of classification or shelving scheme | Damaged status | Not for loan | Collection code | Home library | Current library | Shelving location | Date acquired | Cost, normal purchase price | Total Checkouts | Full call number | Barcode | Date last seen | Price effective from | Koha item type |
|---|---|---|---|---|---|---|---|---|---|---|---|---|---|---|---|---|
| Dewey Decimal Classification | Non-fiction | Harvest Mission College | Harvest Mission College | General Stacks | 06.12.2018 | 300.00 | 235.4 M481V | 005140 | 06.12.2018 | 06.12.2018 | Books |
